000 00263nam a22001217a 4500
008 180605b xxu||||| |||| 00| 0 eng d
041 _aeng
080 _a043.3
100 _a0
101 _aMBE-BA
245 _aLlojet e auditimit
_cKelmendi, P
942 _2udc
_cBK
999 _c46357
_d46357